Name all 22 Arab countries - Statistics

General Stats
  • This quiz has been taken 91 times
  • The average score is 19 of 22
Answer Stats
Answer % Correct
Iraq
99%
Saudi Arabia
98%
Yemen
98%
Oman
96%
Egypt
95%
Jordan
94%
Qatar
93%
UAE
93%
Kuwait
91%
Algeria
90%
Syria
90%
Libya
89%
Morocco
88%
Tunisia
88%
Bahrain
86%
Sudan
86%
Lebanon
85%
Somalia
74%
Mauritania
72%
Djibouti
69%
Palestine
48%
Comoros
44%
No matching quizzes found
Score Distribution
Percent of People with Each Score
Percentile by Number Answered
Your Score History
You have not taken this quiz